Gramatiky a jazyky

Podrobná bibliografia
Hlavní autori: Molnár, Ľudovít, 1940- (Autor), Češka, Milan, 1946- (Autor), Melichar, Bořivoj, 1942- (Autor)
Médium: Kniha
Jazyk:slovenčina
Fyzický popis:188 strán schémy, tabuľky 25 cm
Vydavateľské údaje: Bratislava Praha Alfa Státní nakladatelství technické literatury 1987
Vydanie:1. vyd.
Edícia:Edícia výpočtovej techniky
Predmet:

MARC

LEADER 00000cam a2200000 a 4500
001 vtls001123562
003 SK-MaSNL
005 20260302062454.0
008 240226s1987 xo l frnp 001 0 slo
015 |a SNBA1988/02 
020 |q (viazané) 
035 |a SNK000066405 
035 |a 5E9A0901-EE7A-4978-A9AE-47A898CBEAA5 
035 |a urn:nbn:sk:snk-am00igfr 
040 |a SNK  |b slo  |c SNK  |e AACR2 
041 0 |a slo 
044 |a xo  |c SK  |a xr  |c CZ 
072 7 |a 519  |x Kombinatorika. Teória grafov. Matematická štatistika. Operačný výskum. Matematické modelovanie  |2 konspekt 
072 7 |a 37.016  |x Učebné osnovy. Vyučovacie predmety. Učebnice  |2 konspekt 
080 |a 519.76+519.682(075.8)  |2 1981 
080 |a 519.682(075.8)  |2 1981 
080 |a 519.766  |2 2011 
080 |a (075.8)  |2 2011 
080 |a 004.43  |2 2011 
080 |a 81'36  |2 2011 
100 1 |a Molnár, Ľudovít,  |d 1940-  |4 aut  |9 212431 
245 1 0 |a Gramatiky a jazyky  |c Ľudovít Molnár, Milan Češka, Bořivoj Melichar 
250 |a 1. vyd. 
260 |a Bratislava  |b Alfa  |a Praha  |b Státní nakladatelství technické literatury  |c 1987  |e Bratislava  |f Svornosť 
300 |a 188 strán  |b schémy, tabuľky  |c 25 cm 
366 |e 5000 výtl. 
490 1 |a Edícia výpočtovej techniky 
504 |a Bibliografia na strane 185. Register 
650 0 7 |a formálne jazyky  |2 SNKPH  |9 73830 
650 0 7 |a programovacie jazyky  |2 SNKPH  |9 1838 
650 0 7 |a gramatika  |2 SNKPH  |9 865 
655 7 |a učebnice vysokých škôl  |2 SNKPH  |9 70191 
700 1 |a Češka, Milan,  |d 1946-  |4 aut  |9 61263 
700 1 |a Melichar, Bořivoj,  |d 1942-  |4 aut  |9 61264 
830 0 |a Edícia výpočtovej techniky  |9 278423 
852 |a Slovenská národná knižnica 
954 |a odborná, vedecká literatúra pôvodná (slovenská)  |2 lita 
958 |a OND 
958 |a NB 
958 |a TL 
958 |a UV 
958 |a EUIPO 
999 |c 1129425  |d 1131355 
952 |a SNK  |b SNK  |y PREZ  |7 0  |p 17A0930897  |o snkSC 70528  |i snkKSP 11905/87  |0 0  |1 0  |4 0  |d 2012-09-15  |f 1  |l 0  |r 2025-07-21 00:00:00  |w 2026-02-24 
952 |t P60, <04>, [BOOK], {604}  |a SNK  |b SNK  |y VYP  |7 0  |p 17A0030184  |o snkSC 70528 D1  |0 0  |1 0  |4 0  |d 1997-01-08  |l 0  |r 2004-12-31 00:00:00  |w 2026-02-24